Mazameen-e-ghaib مضامین غیب / (Record no. 187768)

000 -LEADER
fixed length control field 00460 a2200169 4500
003 - CONTROL NUMBER IDENTIFIER
control field Nust
005 - DATE AND TIME OF LATEST TRANSACTION
control field 20230328122958.0
040 ## - CATALOGING SOURCE
Transcribing agency Nust
082 ## - DEWEY DECIMAL CLASSIFICATION NUMBER
Classification number 893.439,AKB
100 ## - MAIN ENTRY--PERSONAL NAME
Personal name Akbar,Hameedy
9 (RLIN) 111513
245 ## - TITLE STATEMENT
Title Mazameen-e-ghaib مضامین غیب /
Statement of responsibility, etc. Akbar Hameedi اکبر حمیدی
260 ## - PUBLICATION, DISTRIBUTION, ETC.
Place of publication, distribution, etc. Rawalpindi
Name of publisher, distributor, etc. S T Printer
300 ## - PHYSICAL DESCRIPTION
Extent 142:p
538 ## - SYSTEM DETAILS NOTE
System details note Almirah No.60 and Shelf No.5
650 ## - SUBJECT ADDED ENTRY--TOPICAL TERM
Topical term or geographic name entry element Urdu Essay
9 (RLIN) 111514
942 ## - ADDED ENTRY ELEMENTS (KOHA)
Source of classification or shelving scheme
Koha item type Book
Call number prefix 893.439,AKB
Holdings
Withdrawn status Lost status Source of classification or shelving scheme Damaged status Not for loan Permanent Location Current Location Shelving location Date acquired Full call number Barcode Date last seen Price effective from Koha item type Public note
          Military College of Signals (MCS) Military College of Signals (MCS) General Stacks 12/12/2016 893.439,AKB MCS34152 12/08/2016 12/12/2016 Book Almirha No 65, Shelf No 3
© 2023 Central Library, National University of Sciences and Technology. All Rights Reserved.